000 02732nam a22003493i 4500
001 BDZ0058427733
003 StDuBDS
005 20260416092348.0
007 cr||||||||||||
008 251001s2025 spa go 000|0 spa d
020 _a9789585073234
040 _aStDuBDS
_beng
_erda
_cStDuBDS
041 _asp
072 7 _aTQ
_2bicssc
072 7 _aENV
_2ukslc
072 7 _aTQ
_2thema
100 1 _aAlba Nidia Castano, Castano,
_eauthor.
245 1 0 _aGestion hidrica y planificacion del territorio desde la sustentabilidad /
_cCastano Alba Nidia Castano.
264 1 _aColombia,
_bUniversidad del Valle,
_c2025.
300 _a1 online resource
336 _atext
_2rdacontent
337 _aunmediated
_2rdamedia
338 _avolume
_2rdacarrier
366 _b20250805
_cAvailable
520 8 _aEl libro Gestion hidrica y planificacion del territorio desde la sustentabilidad es una recopilacion de los trabajos de grado de estudiantes de la Maestria en Desarrollo Sustentable de la Universidad del Valle. El libro contiene metodologias, teorias y casos de estudio que abordan la sustentabilidad como tema central. Se encuentra organizado en dos grandes tematicas: Gestion del agua y sostenibilidad, que contiene cinco capitulos, los cuales exponen la necesidad de avanzar en el conocimiento de la gestion sostenible del agua, para generar espacios de discusion y asi entender y abordar las problematicas y necesidades del agua de una sociedad en constante crecimiento, desde un enfoque integral, con el fin de dar soluciones sostenibles en el largo plazo. Esto, a partir de la economia ecologica y la ecologia politica, el uso de indicadores e indices de sostenibilidad, la implementacion de tecnicas mas eficientes y el desarrollo de alternativas tecnologicas. La otra tematica se denomina Gestion del riesgo para la planificacion sustentable del territorio, que consta de cuatro capitulos. Los autores exponen que la gestion del riesgo juega un papel fundamental en la planificacion y sustentabilidad del territorio, al considerar las medidas de prevencion y reduccion de la vulnerabilidad, que son fundamentales para enfrentar un fenomeno amenazante. Realizan un aporte a la evaluacion y conceptualizacion de la vulnerabilidad y la adaptacion desde las dimensiones ambiental, social y economica. Asi mismo, se muestra un estudio de caso frente al desarrollo urbano no planificado.
650 7 _aEnvironment and Ecology
650 7 _aSUSTAINABILITY
650 7 _aWATER MANAGEMENT
650 7 _aEBOOK
856 4 0 _uhttps://www.vlebooks.com/product/openreader?id=RICS&accId=9491556&isbn=9789585073234
_zAvailable on VLeBooks (members email [email protected] if you do not have a free login)
942 _2ddc
999 _c122239
_d122239